Vznikla Slovenská živnostenská komora

Pôsobnosť a poslanie Slovenskej živnostenskej komory podľa zákona č. 126/1998 Z.z. Štatút Slovenskej živnostenskej komory. Dočasné sídla krajských zložiek komory.

Gespeichert in:
Bibliographische Detailangaben
Format: Buchkapitel
Sprache:Slowakisch
Schlagworte:
Tags: Tag hinzufügen
Keine Tags, Fügen Sie das erste Tag hinzu!

MARC

LEADER 00000naa a2200000 4500
001 r034405
005 20230919114154.5
041 0 |a slo 
044 |a SK 
245 1 0 |a Vznikla Slovenská živnostenská komora 
520 |a Pôsobnosť a poslanie Slovenskej živnostenskej komory podľa zákona č. 126/1998 Z.z. Štatút Slovenskej živnostenskej komory. Dočasné sídla krajských zložiek komory. 
610 2 0 |a komory živnostenské 
610 2 0 |a osoby právnické 
610 2 0 |a živnostníci 
610 2 0 |a orgány nadriadené 
610 2 0 |a podnikanie súkromné 
610 2 0 |a štatúty 
610 2 0 |a rady dozorné 
610 2 0 |a Slovensko 
610 2 0 |a Slovenská živnostenská komora Žilina